000 00654nam a2200145 4500
999 _c1101
_d1101
020 _a9988762305
050 _aHF 5636
100 _aGavor N. K. D. S.
245 _aBasic and Intermediate Accounting
250 _avol 1
260 _aAccra
_bGavor Consult International Limited
_c2002
300 _aii, 151 pg
505 _adefinitions, purposes and limitations of accounting The theory of Double entry The sequence of recording The cash Book The trial balance The final Accounts Adjustments in the final accounts Bad debts and provision for bad and doubtful debts Accounting for depreciation Theoretical framework of accounting
942 _cBK